00614pam a2200181 a 4500020001200000040002500012041001300037082001600050100002400066245005700090260003900147300001300186365001200199653003300211930000900244999001500253952016400268 c2477.17 aMedical College Libr aENGhENG a618.92bCUL aCulbertson, Jan L.. aSudden Infant Death Syndrome / chTextual Documents aLondon : bEdward Arnold , c1988. a242 ; c a2477.17 aPaediatricsaMedical Science a7858 c7857d7857 00104070aMCPbMCPd2008-03-29eBharati Madhyavarti Sahakari Grahak Bhandar Ltd. g2477.17l0o618.92 CULpMCP-12232r2023-02-06 00:00:00t1w2023-02-06yBK